000 00691nam a2200229 a 4500
999 _c339
_d339
001 339
003 BD-JhCC
005 20171004090005.0
008 171004s2005 mula|||| ||a| 00| 0 mul d
020 _a9844103940
035 _a(BD-JhCC)339
040 _aBD-JhCC
_dBD-JhCC
041 _amul
082 _a820.9
_bILS 2005
100 _aইলিয়াস, খালিকুজ্জন
245 _aপেয়ারার সুবাস /
_cখালিকুজ্জামান
260 _aঢাকা :
_bমাওলা ব্রাদার্স,
_c২০০৫
300 _a১৪৪ p. ;
_c21 Cm.
650 _aEnglish Literature
942 _2ddc
_cBK